| 000 | 01237naa a22003737a 4500 | ||
|---|---|---|---|
| 001 | BR8106275 | ||
| 003 | BR-BrBNA | ||
| 005 | 20240918174922.0 | ||
| 007 | ta | ||
| 008 | 230509b bl.||||| |||| 00| 0 por d | ||
| 040 |
_aBR-BrBNA _bpor _cBiblioteca Nacional de Agricultura |
||
| 041 | _a(Pt) | ||
| 072 |
_aF25 _b0430 _b3830 _b3810 _bG514 |
||
| 090 | _aF25 BR8106275 | ||
| 100 | 1 | _aLaca-Buendia, J.P. del C. | |
| 100 | 1 | _aKakida, J. | |
| 100 | 1 | _aPurcino, A.A.C. | |
| 100 | 1 | _aBonilla, J.A. | |
| 245 | 1 | _aAdubacao fosfatada e potassica no algodoeiro (Gossypium hirsutum L.), no Triangulo Mineiro [Minas Gerais, Brasil] | |
| 260 | 3 |
_aBelo Horizonte, MG (Brasil): _c1981. |
|
| 500 | _aProjeto algodao. Relatorio 76/78 Belo Horizonte, MG (Brasil): 1981. p. 128-130 (BR8106275-AM)F25 | ||
| 650 | _aALGODAO | ||
| 650 | _aFERTILIZANTE FOSFATADO | ||
| 650 | _aFERTILIZANTE POTASSICO | ||
| 650 | _aSOLO | ||
| 650 | _aLATOSSOLO ROXO | ||
| 650 | _aANALISE DO SOLO | ||
| 650 | _aADUBACAO | ||
| 650 | _aRENDIMENTO | ||
| 650 | _aTRIANGULO MINEIRO | ||
| 773 | 0 |
_tProjeto algodao. Relatorio 76/78 _wF25 BR8106275 _gBelo Horizonte, MG (Brasil), 1981. p. 128-130 |
|
| 909 |
_a202404 _bLucia _c55 _dLucia Elande |
||
| 942 |
_cAM _2AGRIS |
||
| 999 |
_c314345 _d314345 |
||